[Event "34th European Club Cup 2018"]
[Site "Halkidiki"]
[Date "2018.10.18"]
[Round "7"]
[White "Kjartansson, David"]
[Black "Longson, Alexander"]
[Result "1-0"]
[WhiteElo "2404"]
[BlackElo "2329"]
[Annotator "TA"]
[PlyCount "131"]
[EventDate "2018.10.12"]
[EventType "team-tourn"]
[EventCountry "GRE"]
[SourceTitle "playchess.com"]
[Source "ChessBase"]
[SourceQuality "1"]
[WhiteTeam "Viking CC"]
[BlackTeam "Oldham"]

1. e4 e5 2. Nf3 Nc6 3. Bb5 a6 4. Ba4 Nf6 5. O-O Be7 6. Qe2 b5 7. Bb3 d6 8. c3 O-O 9. d4 Bg4 10. Rd1 Qc8 11. h3 Bh5 12. Bg5 Rb8 13. d5 Na5 14. Bxf6 Bxf3 15. Qxf3 Bxf6 16. Bc2 Bg5 17. b4 Nc4 18. Qe2 c5 19. dxc6 Qxc6 20. Bb3 Rbc8 21. a4 Qb6 22. Na3 Nxa3 23. Rxa3 Kh8 24. axb5 axb5 25. Qg4 h6 26. h4 Be7 27. Rd3 Rc7 28. Rf3 Bd8 29. Bd5 Ra7 30. Ra5 Bf6 31. Rxa7 Qxa7 32. g3 Qe7 33. Kg2 Qc7 34. Qh5 Kh7 35. Re3 g6 36. Qe2 Rb8 37. Qd3 h5 38. Rf3 Kg7 39. Qd2 Rf8 40. Bb3 Qc6 41. Bd5 Qa6 42. Qe2 Be7 43. Qd1 Bf6 44. Qb3 Qa4 45. Qb1 Rc8 46. Qd3 Rc7 47. Qe3 Qa6 48. Qd3 Qa4 49. Re3 Be7 50. Re2 Qa3 51. Rc2 Qa6 52. Ra2 Qc8 53. Ra3 Qb8 54. Ra8 Qb6 55. Ra5 Bd8 56. Ra8 Ra7 57. Rc8 Be7 58. Qd2 Bf6 59. Rc6 Qb8 60. Qe3 Ra3 61. Qd3 Ra7 62. Bb3 Ra3 63. Qd5 Qb7 64. Qxd6 Bxh4 65. Qxe5+ Bf6 66. Qxf6+ 1-0

[Event "34th European Club Cup 2018"]
[Site "Halkidiki"]
[Date "2018.10.18"]
[Round "7"]
[White "Saraci, Nderim"]
[Black "Papadopoulos, Argirios"]
[Result "0-1"]
[WhiteElo "2402"]
[BlackElo "2213"]
[Annotator "TA"]
[PlyCount "108"]
[EventDate "2018.10.12"]
[EventType "team-tourn"]
[EventCountry "GRE"]
[SourceTitle "playchess.com"]
[Source "ChessBase"]
[SourceQuality "1"]
[WhiteTeam "Drejtesia"]
[BlackTeam "Chania CA"]

1. e4 e5 2. Nf3 Nc6 3. Bc4 Bc5 4. c3 Nf6 5. d3 O-O 6. O-O d6 7. a4 a5 8. Nbd2 Re8 9. Re1 Ba7 10. Qb3 Qe7 11. Nf1 Nd8 12. Be3 Bxe3 13. Nxe3 Be6 14. Nd5 Nxd5 15. exd5 Bg4 16. Re3 Bxf3 17. Rxf3 b6 18. Re1 g6 19. d4 e4 20. Rfe3 f5 21. f3 Nf7 22. fxe4 fxe4 23. Bb5 Rf8 24. Rxe4 Qg5 25. Qc4 Nh6 26. Qe2 Nf5 27. Qg4 Qxg4 28. Rxg4 Rf6 29. Rge4 Raf8 30. g3 Ng7 31. Re7 R8f7 32. Rxf7 Rxf7 33. Kg2 Nf5 34. Bd3 Re7 35. Re6 Ne3+ 36. Kf3 Nxd5 37. Bc4 Rxe6 38. Bxd5 Kf7 39. Kf4 h6 40. h4 Ke7 41. Bxe6 Kxe6 42. c4 d5 43. cxd5+ Kxd5 44. g4 Kxd4 45. h5 gxh5 46. gxh5 c6 47. Kf5 b5 48. Kg6 Ke5 49. Kxh6 Kf6 50. Kh7 Kf7 51. axb5 cxb5 52. h6 b4 53. Kh8 Kg6 54. h7 Kf7 0-1

[Event "34th European Club Cup 2018"]
[Site "Halkidiki"]
[Date "2018.10.18"]
[Round "7"]
[White "Buscher, Michael"]
[Black "Sylvan, Jacob"]
[Result "1/2-1/2"]
[WhiteElo "2393"]
[BlackElo "2336"]
[Annotator "TA"]
[PlyCount "111"]
[EventDate "2018.10.12"]
[EventType "team-tourn"]
[EventCountry "GRE"]
[SourceTitle "playchess.com"]
[Source "ChessBase"]
[SourceQuality "1"]
[WhiteTeam "Echiquier Amaytois"]
[BlackTeam "Nordkalotten"]

1. e4 c5 2. Nf3 e6 3. c3 Nf6 4. e5 Nd5 5. Bc4 d6 6. exd6 Bxd6 7. d4 cxd4 8. Qxd4 O-O 9. O-O Nc6 10. Qe4 Nf6 11. Qe2 b6 12. Bg5 Bb7 13. Rd1 Qc7 14. Bxf6 gxf6 15. Ba6 Bxa6 16. Qxa6 Rfd8 17. Na3 Bxa3 18. Qxa3 Rd7 19. Qa4 Rad8 20. h3 Ne5 21. Nxe5 Rxd1+ 22. Rxd1 Rxd1+ 23. Qxd1 Qxe5 24. Qc2 Qe1+ 25. Kh2 Qe5+ 26. g3 f5 27. Qd2 Qe4 28. b3 Kg7 29. c4 e5 30. Qe3 Qxe3 31. fxe3 a5 32. a3 h5 33. Kg2 Kf6 34. Kf3 Ke6 35. b4 axb4 36. axb4 f6 37. g4 hxg4+ 38. hxg4 e4+ 39. Kf4 fxg4 40. Kxg4 Ke5 41. c5 bxc5 42. bxc5 Kd5 43. Kf5 Kxc5 44. Kxf6 Kd6 45. Kf5 Kd5 46. Kf4 Kd6 47. Kxe4 Ke6 48. Kd4 Kd6 49. e4 Ke6 50. e5 Ke7 51. Kd5 Kd7 52. e6+ Ke7 53. Ke5 Ke8 54. Kd6 Kd8 55. e7+ Ke8 56. Ke6 1/2-1/2

[Event "34th European Club Cup 2018"]
[Site "Halkidiki"]
[Date "2018.10.18"]
[Round "7"]
[White "Bosman, Michiel"]
[Black "Schartz, Alain"]
[Result "1-0"]
[WhiteElo "2390"]
[BlackElo "2107"]
[Annotator "NA RC"]
[PlyCount "119"]
[EventDate "2018.10.12"]
[EventType "team-tourn"]
[EventCountry "GRE"]
[SourceTitle "playchess.com"]
[Source "ChessBase"]
[SourceQuality "1"]
[WhiteTeam "Leiden"]
[BlackTeam "Dudelange"]

1. d4 d5 2. c4 e6 3. g3 dxc4 4. Qa4+ Qd7 5. Qxc4 Qc6 6. Qxc6+ Nxc6 7. Nf3 Bb4+ 8. Nbd2 Nf6 9. a3 Be7 10. Bg2 O-O 11. b3 Rb8 12. Bb2 Bd7 13. O-O Rfc8 14. e4 Nd8 15. Ne5 Be8 16. Ndc4 Nc6 17. Nxc6 Bxc6 18. Rfe1 Kf8 19. Rac1 Be8 20. h3 Nd7 21. b4 Nb6 22. Na5 Na4 23. Ba1 c6 24. Rc2 Bd8 25. Nc4 Bc7 26. Rec1 Rd8 27. Nd2 Bd6 28. Nb3 Be7 29. f4 Ra8 30. Kf2 f6 31. Ke3 Bf7 32. Na5 Rab8 33. g4 Be8 34. Bf3 g6 35. Be2 Nb6 36. Nb3 f5 37. Nc5 Bf7 38. g5 fxe4 39. Kxe4 Nd5 40. Bg4 Bd6 41. Rf2 Ke7 42. Bc3 Bxc5 43. dxc5 Nxc3+ 44. Rxc3 Rd5 45. Rff3 Rbd8 46. Rfd3 Rxd3 47. Rxd3 Rxd3 48. Kxd3 Be8 49. Kd4 Bf7 50. Ke5 Bg8 51. Bf3 a6 52. a4 Bf7 53. Bg4 Bg8 54. Be2 Bf7 55. Bc4 Bg8 56. b5 axb5 57. axb5 cxb5 58. Bxb5 Bf7 59. Ba4 Bg8 60. Bc2 1-0

[Event "34th European Club Cup 2018"]
[Site "Halkidiki"]
[Date "2018.10.18"]
[Round "7"]
[White "Veinberg, Nimrod"]
[Black "Hansen, Torbjorn Ringdal"]
[Result "1/2-1/2"]
[WhiteElo "2386"]
[BlackElo "2423"]
[Annotator "TA"]
[PlyCount "73"]
[EventDate "2018.10.12"]
[EventType "team-tourn"]
[EventCountry "GRE"]
[SourceTitle "playchess.com"]
[Source "ChessBase"]
[SourceQuality "1"]
[WhiteTeam "Rehovot"]
[BlackTeam "SK Oslo"]

1. d4 Nf6 2. c4 e6 3. g3 Bb4+ 4. Bd2 c5 5. Bxb4 cxb4 6. Bg2 O-O 7. Nf3 d6 8. a3 bxa3 9. Rxa3 Nc6 10. O-O Nb4 11. Nc3 a5 12. c5 Bd7 13. cxd6 Bc6 14. Qb1 Qxd6 15. e4 Qc7 16. e5 Nfd5 17. Ng5 g6 18. Nge4 f5 19. exf6 Nxf6 20. Nxf6+ Rxf6 21. Ne4 Rff8 22. Qc1 Qe7 23. Qc5 Qxc5 24. Nxc5 Nc2 25. Bxc6 bxc6 26. Rd3 Rfd8 27. Nxe6 Rd6 28. Rc1 Rxe6 29. Rxc2 Rb8 30. Ra3 Rb5 31. Rc5 Rxb2 32. Rcxa5 Rf6 33. f4 h5 34. h4 Rd2 35. R3a4 Rf7 36. Rb4 Re7 37. Re5 1/2-1/2

[Event "34th European Club Cup 2018"]
[Site "Halkidiki"]
[Date "2018.10.18"]
[Round "7"]
[White "Borge, Nikolaj"]
[Black "Kalaitzoglou, Panayotis"]
[Result "1-0"]
[WhiteElo "2385"]
[BlackElo "2071"]
[Annotator "TA"]
[PlyCount "79"]
[EventDate "2018.10.12"]
[EventType "team-tourn"]
[EventCountry "GRE"]
[SourceTitle "playchess.com"]
[Source "ChessBase"]
[SourceQuality "1"]
[WhiteTeam "Hillerod"]
[BlackTeam "Chania CC"]

1. e4 e6 2. d4 d5 3. exd5 exd5 4. Nf3 Nc6 5. Bb5 Bd6 6. c4 a6 7. Bxc6+ bxc6 8. c5 Be7 9. Ne5 Bd7 10. Qh5 g6 11. Qe2 f6 12. Nxd7 Qxd7 13. Nd2 Nh6 14. Nf3 Nf5 15. g4 Ng7 16. h3 O-O 17. Be3 a5 18. O-O-O Rfe8 19. Rd3 Bf8 20. Qd2 Ne6 21. Ra3 Reb8 22. Rxa5 Rxa5 23. Qxa5 Qe8 24. Qd2 Bg7 25. Re1 Qf7 26. Bh6 Bh8 27. Qe2 Re8 28. Bd2 Bg7 29. a4 Qd7 30. a5 Kf7 31. a6 Bf8 32. b4 Ra8 33. Kb2 Qc8 34. Ra1 Bg7 35. h4 Qb8 36. Bc3 Qb5 37. Qxb5 cxb5 38. a7 c6 39. Ra6 Nd8 40. Bd2 1-0

[Event "34th European Club Cup 2018"]
[Site "Halkidiki"]
[Date "2018.10.18"]
[Round "7"]
[White "Lindberg, Bo"]
[Black "Van Delft, Merijn"]
[Result "1-0"]
[WhiteElo "2379"]
[BlackElo "2381"]
[Annotator "TA"]
[PlyCount "81"]
[EventDate "2018.10.12"]
[EventType "team-tourn"]
[EventCountry "GRE"]
[SourceTitle "playchess.com"]
[Source "ChessBase"]
[SourceQuality "1"]
[WhiteTeam "Team Viking"]
[BlackTeam "Apeldoorn"]

1. d4 d5 2. c4 c6 3. cxd5 cxd5 4. Bg5 f6 5. Bd2 Nc6 6. Nc3 e6 7. Nf3 Bd6 8. e4 Nge7 9. Bd3 O-O 10. O-O Qe8 11. Qc1 Qh5 12. Bf4 Bxf4 13. Qxf4 e5 14. dxe5 d4 15. Ne2 Ng6 16. Qd2 fxe5 17. Ng3 Qg4 18. Bc4+ Kh8 19. h3 Qf4 20. Qxf4 Nxf4 21. Bd5 Nd3 22. b3 Re8 23. Rfd1 Ndb4 24. a3 Nxd5 25. exd5 Ne7 26. Nxe5 Nxd5 27. Nf3 Be6 28. Nxd4 Bg8 29. Rac1 Rac8 30. Nb5 a6 31. Nd6 Rxc1 32. Rxc1 Re7 33. Nge4 Nf6 34. Nxf6 gxf6 35. b4 Rd7 36. Ne8 f5 37. Rc8 Rd1+ 38. Kh2 Be6 39. Rb8 b5 40. Nc7+ Bg8 41. Nxa6 1-0

[Event "34th European Club Cup 2018"]
[Site "Halkidiki"]
[Date "2018.10.18"]
[Round "7"]
[White "Bates, Richard A"]
[Black "Alsina Leal, Daniel"]
[Result "1/2-1/2"]
[WhiteElo "2374"]
[BlackElo "2483"]
[Annotator "TA"]
[PlyCount "107"]
[EventDate "2018.10.12"]
[EventType "team-tourn"]
[EventCountry "GRE"]
[SourceTitle "playchess.com"]
[Source "ChessBase"]
[SourceQuality "1"]
[WhiteTeam "Blackthorne"]
[BlackTeam "White Rose"]

1. d4 d5 2. c4 c6 3. Nf3 Nf6 4. e3 Bf5 5. Nc3 e6 6. Nh4 Be4 7. f3 Bg6 8. Qb3 Qc7 9. g3 Be7 10. Bd2 O-O 11. Rc1 dxc4 12. Bxc4 b5 13. Nxg6 hxg6 14. Bd3 a6 15. a4 Nbd7 16. axb5 axb5 17. O-O e5 18. Bxg6 Qb6 19. Ne2 c5 20. dxe5 Nxe5 21. Bf5 Rad8 22. Rcd1 Nd5 23. Ba5 Qxa5 24. Rxd5 Rxd5 25. Qxd5 Nc4 26. Bb1 Qd2 27. Qh5 Qxe3+ 28. Rf2 Qh6 29. Qxh6 gxh6 30. Nc3 Bf6 31. Nxb5 Nxb2 32. Re2 c4 33. Bc2 c3 34. Nd6 Bd4+ 35. Kg2 Rd8 36. Nf5 h5 37. f4 Bf6 38. Kf3 Nc4 39. Kf2 Kf8 40. h3 Na3 41. Kf3 Rb8 42. Bd3 Rb2 43. Ne3 Be7 44. Nc2 Nb1 45. Bf5 Nd2+ 46. Ke3 Nb3 47. Re1 Bc5+ 48. Kd3 Rxc2 49. Kxc2 Nd4+ 50. Kd3 c2 51. Be4 Ba3 52. Kxd4 c1=Q 53. Rxc1 Bxc1 54. Ke5 1/2-1/2

[Event "34th European Club Cup 2018"]
[Site "Halkidiki"]
[Date "2018.10.18"]
[Round "7"]
[White "Vogt, Lothar"]
[Black "Miljkovic, Miroslav D"]
[Result "0-1"]
[WhiteElo "2368"]
[BlackElo "2484"]
[Annotator "TA"]
[PlyCount "60"]
[EventDate "2018.10.12"]
[EventType "team-tourn"]
[EventCountry "GRE"]
[SourceTitle "playchess.com"]
[Source "ChessBase"]
[SourceQuality "1"]
[WhiteTeam "Zurich"]
[BlackTeam "Sloven Ruma"]

1. e4 c5 2. Nf3 Nc6 3. d4 cxd4 4. Nxd4 Nf6 5. Nc3 e5 6. Ndb5 d6 7. Bg5 a6 8. Na3 b5 9. Bxf6 gxf6 10. Nd5 f5 11. exf5 Bxf5 12. c3 Bg7 13. Nc2 O-O 14. Nce3 Be6 15. Bd3 f5 16. Qh5 e4 17. Bc2 Ne7 18. Bb3 Ng6 19. g3 Kh8 20. O-O f4 21. gxf4 Bxd5 22. Bxd5 Nxf4 23. Qd1 Nh3+ 24. Kh1 Ra7 25. Qc2 Be5 26. Bxe4 Qg5 27. Qe2 Rg7 28. Ng2 Bxh2 29. f4 Nxf4 30. Nxf4 Bxf4 0-1

[Event "34th European Club Cup 2018"]
[Site "Halkidiki"]
[Date "2018.10.18"]
[Round "7"]
[White "Rendle, Thomas E"]
[Black "Chanda, Sandipan"]
[Result "1/2-1/2"]
[WhiteElo "2366"]
[BlackElo "2535"]
[Annotator "TA"]
[PlyCount "68"]
[EventDate "2018.10.12"]
[EventType "team-tourn"]
[EventCountry "GRE"]
[SourceTitle "playchess.com"]
[Source "ChessBase"]
[SourceQuality "1"]
[WhiteTeam "Grantham"]
[BlackTeam "Solingen"]

1. d4 f5 2. Nc3 Nf6 3. Bg5 d5 4. Bxf6 exf6 5. e3 c6 6. Qf3 Na6 7. Bxa6 bxa6 8. Nge2 Rb8 9. b3 Bd6 10. Na4 Qe7 11. Nf4 O-O 12. Nd3 g5 13. O-O-O g4 14. Qe2 f4 15. Rhe1 fxe3 16. Qxe3 Qxe3+ 17. Rxe3 Bf5 18. Nac5 Rbe8 19. Rde1 Rxe3 20. Rxe3 Bxh2 21. g3 h5 22. Re7 Bxd3 23. Nxd3 h4 24. gxh4 f5 25. Kd2 f4 26. Ke2 f3+ 27. Kf1 Rf6 28. Ne5 Rh6 29. Nxg4 Rxh4 30. Nxh2 Rxh2 31. Kg1 Rg2+ 32. Kf1 Rh2 33. Kg1 Rg2+ 34. Kf1 Rh2 1/2-1/2

[Event "34th European Club Cup 2018"]
[Site "Halkidiki"]
[Date "2018.10.18"]
[Round "7"]
[White "Lenaerts, Lennert"]
[Black "Grubert, Christian"]
[Result "1-0"]
[WhiteElo "2362"]
[BlackElo "2148"]
[Annotator "TA"]
[PlyCount "87"]
[EventDate "2018.10.12"]
[EventType "team-tourn"]
[EventCountry "GRE"]
[SourceTitle "playchess.com"]
[Source "ChessBase"]
[SourceQuality "1"]
[WhiteTeam "Aachen"]
[BlackTeam "Jetsmark"]

1. d4 f5 2. g3 Nf6 3. Bg2 e6 4. c4 d5 5. Nh3 c6 6. O-O Bd6 7. Nd2 O-O 8. Nf3 b6 9. Bf4 Bb7 10. Rc1 Qe7 11. Bxd6 Qxd6 12. Nf4 Nbd7 13. cxd5 cxd5 14. Qa4 e5 15. dxe5 Nxe5 16. Nd4 Ne8 17. Rfd1 Nc7 18. Rxc7 Qxc7 19. Nde6 Qc6 20. Qxc6 Bxc6 21. Nxf8 Kxf8 22. Bxd5 Ke7 23. Bxc6 Nxc6 24. Nd5+ Kf7 25. Rc1 Rc8 26. f3 Ke6 27. Nf4+ Kd7 28. Kf2 Re8 29. Rd1+ Kc8 30. h4 Re7 31. h5 Kb7 32. h6 g6 33. Rd6 Ne5 34. Rd8 Nf7 35. Nxg6 Rc7 36. Rf8 Nxh6 37. Nh4 Nf7 38. Nxf5 Ne5 39. Ne3 Rd7 40. Rf5 Nc6 41. Rd5 Rc7 42. a3 a5 43. f4 Rf7 44. Nc4 1-0

[Event "34th European Club Cup 2018"]
[Site "Halkidiki"]
[Date "2018.10.18"]
[Round "7"]
[White "Lovik, Lasse Ostebo"]
[Black "Galburd, Yan"]
[Result "1/2-1/2"]
[WhiteElo "2362"]
[BlackElo "2358"]
[Annotator "TA"]
[PlyCount "47"]
[EventDate "2018.10.12"]
[EventType "team-tourn"]
[EventCountry "GRE"]
[SourceTitle "playchess.com"]
[Source "ChessBase"]
[SourceQuality "1"]
[WhiteTeam "SK Oslo"]
[BlackTeam "Rehovot"]

1. d4 Nf6 2. c4 e6 3. Nf3 d5 4. g3 dxc4 5. Bg2 Bb4+ 6. Bd2 a5 7. O-O O-O 8. Qc2 Bxd2 9. Nbxd2 b5 10. b3 cxb3 11. Nxb3 Bb7 12. Rfc1 Bd5 13. Nc5 Ra7 14. Rab1 b4 15. e4 Ba8 16. h4 h6 17. Re1 Nfd7 18. Rbd1 Qe7 19. Ne5 Nxe5 20. dxe5 Na6 21. Na4 Nb8 22. Nc5 Na6 23. Na4 Nb8 24. Nc5 1/2-1/2

[Event "34th European Club Cup 2018"]
[Site "Halkidiki"]
[Date "2018.10.18"]
[Round "7"]
[White "Ashton, Adam G"]
[Black "Thorfinnsson, Bjorn"]
[Result "1/2-1/2"]
[WhiteElo "2359"]
[BlackElo "2414"]
[Annotator "TA"]
[PlyCount "124"]
[EventDate "2018.10.12"]
[EventType "team-tourn"]
[EventCountry "GRE"]
[SourceTitle "playchess.com"]
[Source "ChessBase"]
[SourceQuality "1"]
[WhiteTeam "Oldham"]
[BlackTeam "Viking CC"]

1. e4 e5 2. Nf3 Nc6 3. Bc4 Bc5 4. c3 Nf6 5. d3 d6 6. Bb3 h6 7. Nbd2 Qe7 8. Nc4 Be6 9. O-O Bb6 10. Re1 O-O 11. h3 Na5 12. Nxa5 Bxa5 13. d4 Bb6 14. Bc2 Rad8 15. a4 a5 16. Be3 Bd7 17. Nd2 Bc6 18. d5 Bxe3 19. Rxe3 Bd7 20. Nc4 b6 21. b4 axb4 22. cxb4 b5 23. axb5 Bxb5 24. Na5 Ra8 25. Ba4 Qd7 26. Bxb5 Qxb5 27. Nc6 Rxa1 28. Qxa1 Qc4 29. Qc3 Qa2 30. Re1 Ra8 31. Na5 Ra7 32. Qe3 Ra6 33. Qe2 Qxe2 34. Rxe2 Kf8 35. f3 Ke8 36. Rc2 Kd7 37. Kf2 Nh5 38. g3 f5 39. Rc3 Nf6 40. Ke3 Ra8 41. Rc1 g6 42. Rg1 Ng8 43. g4 f4+ 44. Kd3 Ne7 45. Rc1 g5 46. Kc4 Rh8 47. Rg1 Ng6 48. Ra1 Ra8 49. Ra3 Nh4 50. Kb5 Ng2 51. Kc4 Ne1 52. Rc3 Ng2 53. Ra3 Ne3+ 54. Kd3 Ng2 55. Kc4 Nh4 56. Kb5 Ng6 57. Kc4 Ne7 58. Kb3 h5 59. gxh5 Rh8 60. b5 Rxh5 61. Nc6 Nc8 62. Ra8 Rxh3 1/2-1/2

[Event "34th European Club Cup 2018"]
[Site "Halkidiki"]
[Date "2018.10.18"]
[Round "7"]
[White "Danchevski, Orce"]
[Black "Valdes Escobar, Alvaro"]
[Result "0-1"]
[WhiteElo "2358"]
[BlackElo "2351"]
[Annotator "TA"]
[PlyCount "90"]
[EventDate "2018.10.12"]
[EventType "team-tourn"]
[EventCountry "GRE"]
[SourceTitle "playchess.com"]
[Source "ChessBase"]
[SourceQuality "1"]
[WhiteTeam "Asseco SEE"]
[BlackTeam "Wood Green"]

1. d4 Nf6 2. c4 e6 3. g3 Bb4+ 4. Bd2 Qe7 5. Nf3 Bxd2+ 6. Nbxd2 Nc6 7. Bg2 d6 8. O-O a5 9. e4 e5 10. d5 Nb8 11. Ne1 O-O 12. Nd3 Na6 13. f4 b6 14. fxe5 dxe5 15. Nf3 Nd7 16. Bh3 Nac5 17. Bxd7 Nxd7 18. Qe2 f6 19. Qe3 Ba6 20. Rac1 Rac8 21. Rf2 c6 22. Nfe1 Rc7 23. Rc3 cxd5 24. cxd5 Rxc3 25. bxc3 Rc8 26. Rc2 Qa3 27. Nf2 Qa4 28. g4 Qb5 29. Kg2 Qf1+ 30. Kg3 Qg1+ 31. Ng2 Bf1 32. Qf3 Rc4 33. g5 f5 34. Nh3 f4+ 35. Kh4 Bxg2 36. Rxg2 Qe1+ 37. Nf2 Rxc3 38. Qg4 Nf8 39. g6 hxg6 40. Qd1 Qe3 41. d6 g5+ 42. Kh5 Kh7 43. Qd5 g6+ 44. Kg4 Kh6 45. Qd1 Nd7 0-1

[Event "34th European Club Cup 2018"]
[Site "Halkidiki"]
[Date "2018.10.18"]
[Round "7"]
[White "Csonka, Attila Istvan"]
[Black "Duijn, Rob"]
[Result "1/2-1/2"]
[WhiteElo "2353"]
[BlackElo "2169"]
[Annotator "TA"]
[PlyCount "131"]
[EventDate "2018.10.12"]
[EventType "team-tourn"]
[EventCountry "GRE"]
[SourceTitle "playchess.com"]
[Source "ChessBase"]
[SourceQuality "1"]
[WhiteTeam "Dunajska Streda"]
[BlackTeam "Deloitte"]

1. e4 c6 2. d4 d5 3. Nc3 dxe4 4. Nxe4 Nf6 5. Ng3 h5 6. h4 Bg4 7. Be2 e6 8. Bxg4 Nxg4 9. Nf3 Nd7 10. Qe2 Be7 11. c3 Qc7 12. Bg5 Ndf6 13. Ne5 g6 14. Bxf6 Nxf6 15. O-O-O Rf8 16. Ne4 Nxe4 17. Qxe4 Qd6 18. Rhe1 O-O-O 19. g3 Qd5 20. c4 Qxe4 21. Rxe4 Bd6 22. Nf3 Bc7 23. Ng5 Bd6 24. Re3 Be7 25. Ne4 Rd7 26. Rf3 b6 27. Kc2 Kc7 28. a3 a5 29. Nc3 Kb7 30. Rdd3 Bd8 31. b4 axb4 32. axb4 f5 33. Rfe3 Re8 34. f4 Bf6 35. d5 Bxc3 36. dxc6+ Kxc6 37. Rxd7 Kxd7 38. Kxc3 Ra8 39. Rd3+ Kc7 40. Kb3 Ra1 41. Kb2 Re1 42. Kc3 Re4 43. b5 Re1 44. Kb3 e5 45. fxe5 Rxe5 46. Kc3 Re4 47. Rd4 Re3+ 48. Rd3 Re4 49. Rd4 Re1 50. Rd3 Rf1 51. Kd4 Kd6 52. c5+ bxc5+ 53. Kc4+ Kc7 54. Kxc5 Rc1+ 55. Kb4 Rb1+ 56. Kc5 Rc1+ 57. Kd5 Kb6 58. Ke5 Kxb5 59. Rd6 Re1+ 60. Kf6 Re3 61. Kxg6 Rxg3+ 62. Kxf5 Rg4 63. Rh6 Rxh4 64. Kg5 Rh1 65. Rxh5 Rxh5+ 66. Kxh5 1/2-1/2

[Event "34th European Club Cup 2018"]
[Site "Halkidiki"]
[Date "2018.10.18"]
[Round "7"]
[White "Berend, Fred"]
[Black "Pijpers, Arthur"]
[Result "0-1"]
[WhiteElo "2350"]
[BlackElo "2465"]
[Annotator "TA"]
[PlyCount "72"]
[EventDate "2018.10.12"]
[EventType "team-tourn"]
[EventCountry "GRE"]
[SourceTitle "playchess.com"]
[Source "ChessBase"]
[SourceQuality "1"]
[WhiteTeam "Dudelange"]
[BlackTeam "Leiden"]

1. d4 Nf6 2. Nf3 g6 3. c4 Bg7 4. Nc3 O-O 5. e4 d6 6. Be2 e5 7. O-O Nc6 8. d5 Ne7 9. a4 a5 10. Ne1 Nd7 11. Nd3 f5 12. f3 Kh8 13. b3 b6 14. Ra2 Nf6 15. Ba3 Bh6 16. b4 Be3+ 17. Kh1 f4 18. bxa5 Rxa5 19. Bb4 Nh5 20. Qe1 Ng8 21. Bd1 Qg5 22. Ne2 Ra7 23. a5 Qh6 24. Bb3 bxa5 25. Rxa5 Rxa5 26. Bxa5 g5 27. Bxc7 Rf6 28. Nxe5 Ng3+ 29. Qxg3 fxg3 30. Nxg3 dxe5 31. Nf5 Rxf5 32. exf5 Bf4 33. h3 Bxf5 34. Kg1 Qh4 35. Rf2 Qg3 36. Re2 Bd3 0-1

[Event "34th European Club Cup 2018"]
[Site "Halkidiki"]
[Date "2018.10.18"]
[Round "7"]
[White "Stojcevski, Zoran"]
[Black "Willow, Jonah B"]
[Result "1-0"]
[WhiteElo "2348"]
[BlackElo "2271"]
[Annotator "TA"]
[PlyCount "95"]
[EventDate "2018.10.12"]
[EventType "team-tourn"]
[EventCountry "GRE"]
[SourceTitle "playchess.com"]
[Source "ChessBase"]
[SourceQuality "1"]
[WhiteTeam "Asseco SEE"]
[BlackTeam "Wood Green"]

1. e4 c5 2. Nc3 Nc6 3. f4 g6 4. Nf3 Bg7 5. d3 e6 6. Be2 Nge7 7. O-O O-O 8. Qe1 Nd4 9. Bd1 Nec6 10. Ne2 Nxf3+ 11. Rxf3 f5 12. c3 d5 13. e5 g5 14. Ba4 g4 15. Rf1 Ne7 16. Be3 b6 17. Bf2 Ng6 18. b4 cxb4 19. cxb4 Bb7 20. Bb3 Qd7 21. Bd4 Rac8 22. Qd2 h5 23. a4 h4 24. a5 Rf7 25. axb6 axb6 26. Bxb6 h3 27. gxh3 Qc6 28. Bd4 Nh4 29. Qe3 Nf3+ 30. Kh1 Bf8 31. hxg4 fxg4 32. Rxf3 gxf3 33. Qxf3 Bxb4 34. Ba4 Qc7 35. Qg4+ Kf8 36. Qxe6 Ra8 37. Qh6+ Ke7 38. Qh4+ Ke6 39. Qg4+ Ke7 40. Qg5+ Kf8 41. Qh6+ Ke7 42. Rc1 Qxc1+ 43. Nxc1 Rxa4 44. Qg5+ Kd7 45. f5 Kc7 46. Qg6 Re7 47. Qb6+ Kc8 48. Qb5 1-0

[Event "34th European Club Cup 2018"]
[Site "Halkidiki"]
[Date "2018.10.18"]
[Round "7"]
[White "Kristensen, Kaare Hove"]
[Black "Pruijssers, Roeland"]
[Result "0-1"]
[WhiteElo "2347"]
[BlackElo "2501"]
[Annotator "TA"]
[PlyCount "62"]
[EventDate "2018.10.12"]
[EventType "team-tourn"]
[EventCountry "GRE"]
[SourceTitle "playchess.com"]
[Source "ChessBase"]
[SourceQuality "1"]
[WhiteTeam "Nordkalotten"]
[BlackTeam "Echiquier Amaytois"]

1. Nf3 f5 2. d3 Nc6 3. g3 Nf6 4. Bg2 e5 5. c4 Bb4+ 6. Nc3 d6 7. O-O Bxc3 8. bxc3 O-O 9. Rb1 Rb8 10. Ne1 Bd7 11. Nc2 Qe8 12. Ne3 Ne7 13. Nd5 Nfxd5 14. cxd5 f4 15. e3 f3 16. Bxf3 Ba4 17. Qe2 Bc2 18. Qxc2 Rxf3 19. Kg2 Qh5 20. Rb4 Rbf8 21. Rxb7 g5 22. Qb2 e4 23. dxe4 Ng6 24. Rb8 g4 25. Rxf8+ Rxf8 26. f4 gxf3+ 27. Kg1 Ne5 28. h3 Nd3 29. g4 Qxh3 30. Qh2 f2+ 31. Rxf2 Nxf2 0-1

[Event "34th European Club Cup 2018"]
[Site "Halkidiki"]
[Date "2018.10.18"]
[Round "7"]
[White "Gantner, Matthias"]
[Black "Ledger, Andrew J"]
[Result "0-1"]
[WhiteElo "2331"]
[BlackElo "2353"]
[Annotator "TA"]
[PlyCount "86"]
[EventDate "2018.10.12"]
[EventType "team-tourn"]
[EventCountry "GRE"]
[SourceTitle "playchess.com"]
[Source "ChessBase"]
[SourceQuality "1"]
[WhiteTeam "White Rose"]
[BlackTeam "Blackthorne"]

1. e4 e6 2. d4 d5 3. Nc3 Nf6 4. e5 Nfd7 5. f4 c5 6. Nf3 Nc6 7. Be3 Be7 8. Qd2 O-O 9. Be2 b6 10. O-O f6 11. exf6 Nxf6 12. Bb5 Bb7 13. Nd1 Ne4 14. Qe1 Nxd4 15. Bxd4 cxd4 16. Nxd4 Bc5 17. c3 Qd6 18. Qe3 g5 19. g3 gxf4 20. gxf4 Rf6 21. Nf2 Qxf4 22. Qxf4 Rxf4 23. Nd3 Rxf1+ 24. Rxf1 Kh8 25. Rf7 Nd6 26. Nxc5 bxc5 27. Rd7 Nxb5 28. Rxb7 cxd4 29. Rxb5 dxc3 30. bxc3 Rc8 31. Ra5 Rxc3 32. Rxa7 d4 33. Kf2 Rc2+ 34. Kf3 Rxh2 35. Ke4 h5 36. a4 h4 37. Rb7 h3 38. a5 Ra2 39. Rb3 h2 40. Rh3+ Kg7 41. a6 d3 42. Ke3 d2 43. Ke2 d1=Q+ 0-1

[Event "34th European Club Cup 2018"]
[Site "Halkidiki"]
[Date "2018.10.18"]
[Round "7"]
[White "Hautot, Stephane"]
[Black "Papadiamandis, Elliot"]
[Result "1-0"]
[WhiteElo "2331"]
[BlackElo "2149"]
[Annotator "TA"]
[PlyCount "79"]
[EventDate "2018.10.12"]
[EventType "team-tourn"]
[EventCountry "GRE"]
[SourceTitle "playchess.com"]
[Source "ChessBase"]
[SourceQuality "1"]
[WhiteTeam "Wirtzfeld"]
[BlackTeam "Bois-Colombes"]

1. e4 c5 2. Nf3 d6 3. Bb5+ Nd7 4. O-O Ngf6 5. Re1 a6 6. Bf1 Qc7 7. c3 e6 8. d4 Be7 9. e5 dxe5 10. dxe5 Nd5 11. c4 Nb4 12. Bf4 b6 13. a3 Nc6 14. Nc3 Bb7 15. Nd5 Qd8 16. Nxe7 Nxe7 17. Qd3 Qc7 18. Ng5 Nf5 19. Nxf7 Kxf7 20. Qxf5+ exf5 21. e6+ Ke7 22. Bxc7 Nf6 23. Bxb6 Rac8 24. b4 Ne4 25. Rad1 Bc6 26. f3 Rb8 27. bxc5 Nc3 28. Rd3 Na4 29. Bc7 Rb7 30. Bd6+ Kf6 31. Be5+ Kg6 32. Rd6 Be8 33. c6 Rc7 34. Rd7 Bxd7 35. cxd7 Rb7 36. Bd4 Rc7 37. c5 a5 38. c6 Rxc6 39. e7 Rd6 40. e8=Q+ 1-0